[Event "ACT-ch"]
[Site "Tuggeranong"]
[Date "2013.02.23"]
[Round "7"]
[White "Jochimsen, Erik"]
[Black "Jones, Mitchell"]
[Result "1-0"]
[WhiteElo "1378"]
[BlackElo "1380"]
[PlyCount "77"]
[EventDate "2013.02.15"]
[EventType "swiss"]
[EventRounds "9"]
[EventCountry "AUS"]
[SourceTitle "EXT 2015"]
[Source "ChessBase"]
[SourceDate "2014.11.20"]
[SourceVersion "1"]
[SourceVersionDate "2014.11.20"]
[SourceQuality "1"]

1. d4 Nf6 2. e3 e6 3. Bd3 c5 4. c3 d5 5. Ne2 Nbd7 6. Bb5 a6 7. Ba4 cxd4 8. exd4 Bd6 9. h3 0-0 10. 0-0 Re8 11. Bg5 b5 12. Bc2 Qc7 13. f4 Bb7 14. Nd2 Kh8 15. Nf3 Rac8 16. Ne5 Bxe5 17. fxe5 Ne4 18. Bxe4 dxe4 19. Rxf7 Rf8 20. Rxf8+ Rxf8 21. Be3 Nb6 22. Ng3 Nc4 23. Qe2 Qe7 24. Rf1 Rxf1+ 25. Nxf1 Bd5 26. a3 Nb6 27. Qf2 Nc4 28. Ng3 a5 29. Bg5 Qe8 30. Qe2 Qg6 31. Qf2 h6 32. Bc1 h5 33. Nf1 Kh7 34. Ne3 Nb6 35. Qe2 Qg3 36. Qxh5+ Kg8 37. Qe2 Bc4 38. Nxc4 Nxc4 39. Qxe4 1-0

[Event "ACT-ch"]
[Site "Tuggeranong"]
[Date "2013.02.15"]
[Round "1"]
[White "Ikeda, Junta"]
[Black "Jones, Mitchell"]
[Result "1-0"]
[WhiteElo "2362"]
[BlackElo "1380"]
[PlyCount "51"]
[EventDate "2013.02.15"]
[EventType "swiss"]
[EventRounds "9"]
[EventCountry "AUS"]
[SourceTitle "EXT 2015"]
[Source "ChessBase"]
[SourceDate "2014.11.20"]
[SourceVersion "1"]
[SourceVersionDate "2014.11.20"]
[SourceQuality "1"]

1. e4 e5 2. Nf3 Nc6 3. Bc4 Bc5 4. 0-0 Nf6 5. d3 0-0 6. Nc3 d6 7. h3 a6 8. a3 h6 9. Ne2 Ne7 10. Ng3 b5 11. Bb3 Rb8 12. c3 c6 13. d4 exd4 14. cxd4 Bb6 15. Bc2 Be6 16. b4 Qc8 17. Bf4 Bc7 18. Re1 Rd8 19. Qd2 Ng6 20. Bxh6 Bxh3 21. Bxg7 Bxg2 22. Nf5 Bxf3 23. Bxf6 Qe6 24. Qg5 Rd7 25. Bb3 Qe8 26. Qxg6+ 1-0